000 00317nam a22001337a 4500
020 _a0-471-86397-1
082 _a531.12 SAN'L
100 _aSANDORI, PAUL
_939832
245 _aTHE LOGIC OF MACHINES AND STRUTURES
260 _aNEWYORK
_bJOHN WILEY
_c1982
300 _a180P
650 _aSTATICS
_91020
942 _cBK
999 _c579538
_d579538